| 000 | 00514nam a2200241Ia 4500 | ||
|---|---|---|---|
| 005 | 20251020182515.0 | ||
| 008 | 200515s9999 xx 000 0 und d | ||
| 020 | _a84-283-2177-9 | ||
| 082 | _a658.562.89/H81 | ||
| 100 | _aHoyle, David | ||
| 245 | 0 | _aISO 9000 | |
| 250 | _a3a ed. | ||
| 260 | _aMadrid | ||
| 260 | _bParaninfo | ||
| 260 | _c1994 | ||
| 300 | _btbls. | ||
| 500 | _a1 ejemplar | ||
| 650 | _aALMACENES | ||
| 650 | _aCALIDAD TOTAL | ||
| 650 | _aISO 9000 | ||
| 942 | _cLIB | ||
| 999 |
_c1568 _d1568 |
||